000 00876cam a22002291 4500
001 g 01001878
003 DLC
005 20260227111256.0
008 921016s1895 gw j 000 0 ger
010 _ag 01001878
035 _a(OCoLC)26795774
040 _aDLC
_cCLU
_dCLU
_dDLC
042 _apremarc
050 0 0 _aDD491.H6
_bV3 n. F., Bd. 11 Suppl.
110 1 _aKassel (Germany)
245 1 4 _aDas Casseler Bürgerbach (1520 bis 1699)
_cNach dem Originale des Casseler Stadtarchivs hrsg. und mit Anmerkungen versehen von Franz Gundlach.
260 _aCassel,
_c1895.
300 _axxi, 225 p.
_bgeneal. tables.
_c22 cm.
490 1 _aVerein für Hessische Geschichte und Landeskunde. Zeitschrift. Suppl., n.F.,
_v11
700 1 _aGundlach, Franz,
_d1871-
_eed.
810 2 _aVerein für Hessische Geschichte und Landeskunde.
_tZeitschrift.
_pSupplement.
_nser. 2 ;
_vv. 11.
999 _c23863
_d23863